000 00331nam a22001337a 4500
005 20260225152521.0
020 _a978-93-6224-870-1
082 _a551.468SAI/M
245 _aMarine Sedimentology/
_ced by Marcus Saila
260 _a.-Newdelhi
_b:DPH
_c,2025
300 _a230p
700 _aMarcus Saila ed
_910971
942 _2ddc
_cBK
999 _c757042
_d757042